000
00286 a2200121 4500
005
20250628171141.0
020
_a
978 1847106384
100
_a
ACCA
245
_a
Managing People and Systems
260
_a
Britain
_b
Kaplan
_c
2008
300
_a
xiv, 186p.: ill; Table
_c
29cm
942
_2
ddc
_c
BKS
999
_c
6135
_d
6135